000 00755nam a2200217Ii 4500
003 JO-AjNU
008 230605s9999||||xx |||||||||||||| ||und||
017 _a1993/3/266
040 _aJO-AjNU
_bara
_erda
_cJO-AjNU
041 _aara
050 1 4 _aK5015.J3834 1993
100 3 _aجوخدار، حسن,
_eauthor
_925252
245 0 0 _aشرح قانون أصول المحاكمات الجزائية الأردني: (دراسة مقارنة)، ج1+ج2
250 _aط1
264 3 1 _aعمان: د.ن، 1993
300 _aج1+2 ، 360ص
336 _atext
_btxt
_2rdacontent
337 _aunmediated
_bn
_2rdamedia
338 _avolume
_bnc
_2rdacarrier
650 4 _aالمحاكمات الجزائية - القانون الجنائي- الاردن
_925253
999 _aA9420
_c12988
_d12988